DreamWorks Animation Trivia - Statistics

General Stats
  • This quiz has been taken 31 times
  • The average score is 9 of 20
Answer Stats
Question Answer % Correct
What movie features a purple alien and a little girl voiced by Rihanna? Home
81%
What is the name of Hiccup's dragon? Toothless
81%
Who is the voice actor of the donkey in Shrek? Eddie Murphy
78%
What does King Julien like to do, according to the song he sings? Move It
74%
In 1998, Pixar released A Bug's Life. What bug-related movie did DreamWorks release the same year, only 1 month prior? Antz
67%
What is the 2020 sequel to Trolls called? Trolls {World} {Tour}
59%
What kingdom is ruled by Fiona's parents? Far Far Away
56%
In what movie do a boy and a dog time travel to many historic locations, including Ancient Egypt and Renaissance Italy? Mr. Peabody and Sherman
52%
In The Bee Movie, what is the name of the bee voiced by Jerry Seinfeld? Barry B. Benson
48%
What DreamWorks movie's soundtrack was mainly composed by Elton John? The Road to {El} {Dorado}
44%
What type of bird is Lord Shen in Kung Fu Panda 2? Peacock
41%
Who is Roxanne Ritchi's kidnapper and later romantic interest? Megamind
37%
What controversial actor voices the Boss Baby when he sounds like an adult? Alec Baldwin
33%
What kingdom is ruled by Lord Farquaad? Duloc
33%
What prestigious film director voiced a pufferfish in Shark Tale? Martin Scorsese
33%
What DreamWorks movie is a musical adaptation of the Book of Exodus? The Prince of Egypt
30%
What movie (and sequel) stars Nicolas Cage, Ryan Reynolds, and Emma Stone? The Croods
22%
And who voices the above? Gary Oldman
15%
What name is the yeti in Abominable given by a Chinese girl it meets on a rooftop? Everest
7%
What villain goes from "little" to "big" and has a talking cricket on his shoulder? Jack Horner
7%
No matching quizzes found
Score Distribution
Percent of People with Each Score
Percentile by Number Answered
Your Score History
You have not taken this quiz